Historiazinha de Portugal (Registo nº 4082)

Detalhes MARC
000 -Etiqueta do registo
Cabeçalho 00666cam a22002291 4500
005 - Identificador da versão
Campo de controlo 20240813122052.0
095 ## -
-- PTBN00085985
100 ## - Dados gerais de processamento
Dados gerais de processamento 19910816d1970 m y0pory5003 ba
102 ## - Pais de publicação ou produção
País de publicação Portugal
101 0# - Língua de publicação
Língua do texto, banda sonora, etc. Português
215 ## - Descrição física 
Indicação específica da natureza do documento e extensão da espécie 161 p., 3 f.
Outras indicações físicas il.
Dimensões 22 cm
200 1# - Titulo e menção de responsabilidade
Título próprio Historiazinha de Portugal
Primeira menção de responsabilidade Adolfo Simões Müller
205 ## - Menção da edição
Menção da edição 5ª ed
210 ## - Publicação, Distribuição, etc. 
Lugar da edição, distribuição, etc. Porto
Nome do editor, distribuidor, etc. Tavares Martins
Data da publicação, distribuição, etc. 1970
325 ## - Nota de reprodução
Texto da nota Texto em braille. - Lisboa : BN, 1973. - 2 vol., integral ; 26 cm????
675 ## - Classificação Decimal Universal (CDU)
Notação 94(469)(045)"1806/1815"
Edição med
Língua da edição por
700 #1 - Nome de autor-pessoa física (responsabilidade principal)
Número de registo de entrada de autoridade 0000339
Palavra de ordem Müller
Outra parte do nome não tomada para palavra de ordem Adolfo Simões
Datas 1909-1989
942 ## - Elementos de entrada adicionados (Koha)
Tipo de item no Koha Livro
Exemplares
Situação do levantamento Origin of item (home branch) (coded) Biblioteca de empréstimo Código de barras Cota Circulation type (not for loan) Tipo de documento Nota do exemplar Damaged status
  Biblioteca Escolar das Vendas Biblioteca Escolar das Vendas BEV830 9PT MUL   Livro Sem mensagem